Shinsuke Nakamura's WrestleMania Opponents - Statistics

General Stats
  • This quiz has been taken 20 times
  • The average score is 7 of 9
Answer Stats
WrestleMania Opponent % Correct
WrestleMania 34 AJ Styles
93%
WrestleMania 35 Jey Uso
86%
WrestleMania 38 Jey Uso
86%
WrestleMania 35 Jimmy Uso
86%
WrestleMania 38 Jimmy Uso
86%
WrestleMania 35 Sheamus
79%
WrestleMania 35 Cesaro
71%
WrestleMania 35 Aleister Black
64%
WrestleMania 35 Ricochet
57%
No matching quizzes found
Score Distribution
Percent of People with Each Score
Percentile by Number Answered
Your Score History
You have not taken this quiz